000 00297nam a22001337a 4500
008 170302b xxu||||| |||| 00| 0 eng d
020 _a9780871508263
041 _aeng
080 _23ED
_a575
100 _a6
101 _aSHM
245 _aEVOLUTION PROCES PRODUCT
_cDODSON.O.E
942 _2udc
_cBK
999 _c6592
_d6592